书目信息 |
| 题名: |
室内设计原理= Interior design principles
|
|
| 作者: | 宗彦 , 周妩怡 , 王爽 主编 | |
| 分册: | ||
| 出版信息: | 合肥 安徽美术出版社 2018.01 |
|
| 页数: | 168页 | |
| 开本: | 20cm | |
| 丛书名: | ||
| 单 册: | ||
| 中图分类: | TU238.2-43 | |
| 科图分类: | ||
| 主题词: | 建筑设计 | |
| 电子资源: | ||
| ISBN: | 978-7-5398-8176-8 | |
| 000 | 00719nam0 2200217 45 | |
| 001 | 2060292975 | |
| 005 | 20201102164610.13 | |
| 010 | @a978-7-5398-8176-8@dRMB 59.00 | |
| 100 | @a20201102d2018 km y0chiy0120 ea | |
| 101 | 0 | @achi |
| 102 | @aCN@b340000 | |
| 200 | 1 | @a室内设计原理= Interior design principles@Ashi nei she ji yuan li=Interior design principles@f宗彦, 周妩怡, 王爽主编@Fzong yan,zhou wu yi,wang shuang zhu bian |
| 210 | @a合肥@c安徽美术出版社@d2018.01 | |
| 215 | @a168页@d20cm | |
| 606 | 0 | @a建筑设计 |
| 690 | @aTU238.2-43@v4 | |
| 701 | 0 | @a宗彦@Azong yan@4主编 |
| 701 | 0 | @a周妩怡@Azhou wu yi@4主编 |
| 701 | 0 | @a王爽@Awang shuang@4主编 |
| 801 | 0 | @aCN@bPFT@c20201102 |
| 905 | @a10447@dTU238.2-43@eZ960 | |
| 室内设计原理= Interior design principles/宗彦, 周妩怡, 王爽主编.-合肥:安徽美术出版社,2018.01 |
| 168页;20cm |
| ISBN 978-7-5398-8176-8:RMB 59.00 |
| ● |
| 相关链接 |
|
|
|
正题名:室内设计原理= Interior design principles
索取号:TU238.2-43/Z960
 
预约/预借
| 序号 | 登录号 | 条形码 | 馆藏地/架位号 | 状态 | 备注 |
| 1 | 1501691 | 215016916 | 建筑库101/101建筑库 56排7列1层/ [索取号:TU238.2-43/Z960] | 在馆 |